000 00661nas a2200229 4500
001 BR7302382
003 BR-BrBNA
005 20231205082428.0
007 ta
008 230509b bl.|||p| |||| 00| 00por d
040 _aBR-BrBNA
_bpor
_cBiblioteca Nacional de Agricultura
041 _a(En)
072 _aF70; F50
100 1 _aSkvortzov, B.V.
100 1 _aBicudo, C.E.M.
100 1 _aBicudo, R.M.T.
245 1 _aFirst report of the occurrence of Choloromonadophyceae in Brazil
650 _aTAXONOMIA VEGETAL
773 0 _tRickia (Brazil)
_x
_g(Dec 1969), v. 4 p. 93-98
_wBR7302382
909 _a202311
_bLúcia
_c55
_dLúcia Elande
942 _2AGRIS
_n0
_cANA
999 _c91718
_d91718